| 000 | 00802nam a2200265Ia 4500 | ||
|---|---|---|---|
| 001 | Para_727 | ||
| 003 | CHAP | ||
| 008 | 220125s1991 xx 000 0 und d | ||
| 010 | _a204485 | ||
| 040 | _cCHAP | ||
| 090 | _aPA FOLLETO 3443 | ||
| 110 |
_aMéxico. Dirección General de Sanidad Vegetal _977045 |
||
| 245 |
_aFichas técnicas de agentes de control biológico / _c por Dirección General de Sanidad Vegetal |
||
| 260 |
_aTecoman, Colima, México : _b SAGAR |
||
| 300 | _ac.a. 28 h. | ||
| 650 |
_aControl biológico de hongos _927580 |
||
| 650 |
_aControl biológico de insectos _927582 |
||
| 901 | _aPA FOLLETO 3443 | ||
| 902 | _aA | ||
| 905 | _a0000001991-98 a 0000000000 00 | ||
| 910 | _a1991 | ||
| 942 | _cPARA | ||
| 942 |
_cPARA _d1 |
||
| 999 |
_c204485 _d204485 |
||